Domácka práca a telepráca

Vymedzenie domáckej práce a telepráce. Povinnosti zamestnávateľa v súvislosti s domáckou prácou a teleprácou. Výhody a nevýhody týchto atypických foriem pracovného pomeru. Domácky zamestnanec a inšpekcia práce.

Salvato in:
Dettagli Bibliografici
Autore principale: Žuľová, Jana
Natura: Capitolo di libro
Lingua:slovacco
Soggetti:
Tags: Aggiungi Tag
Nessun Tag, puoi essere il primo ad aggiungerne!!

MARC

LEADER 00000naa a2200000 4500
001 0200506
005 20231120134838.3
041 0 |a slo 
044 |a SK 
245 1 0 |a Domácka práca a telepráca  |c Jana Žuľová 
520 |a Vymedzenie domáckej práce a telepráce. Povinnosti zamestnávateľa v súvislosti s domáckou prácou a teleprácou. Výhody a nevýhody týchto atypických foriem pracovného pomeru. Domácky zamestnanec a inšpekcia práce. 
610 2 0 |a práca 
610 2 0 |a práca z domu 
610 2 0 |a zamestnávatelia 
100 1 |a Žuľová, Jana